Hard to Guess: Endangered or Not? Quiz Stats

 Plays Quiz Updated Jul 7, 2018

Score 0/16 Timer 02:00
0 Plays Today
Question Answer Wrong Answers
Javan Rhinoceros Endangered
89.9%
Not Endangered
6%
Moose Not Endangered
84.9%
Endangered
10.8%
Mountain Gorilla Endangered
80.8%
Not Endangered
15%
Tiger Endangered
78.3%
Not Endangered
17.4%
Sumatran Orangutan Endangered
77.1%
Not Endangered
18.5%
Capybara Not Endangered
73.8%
Endangered
22.1%
American Black Bear Not Endangered
73.3%
Endangered
22.3%
Baltimore Oriole Not Endangered
70.7%
Endangered
25.1%
Cougar (Puma) Not Endangered
66.3%
Endangered
29.7%
Platypus Not Endangered
61.9%
Endangered
34%
Harbor Seal Not Endangered
57.6%
Endangered
38.2%
Pacific Walrus Not endangered
55.5%
Endangered
40.2%
Magellanic Penguin Not Endangered
48.6%
Endangered
47.3%
Humpback Whale Not Endangered
46.3%
Endangered
49.5%
Silvery Marmoset Not Endangered
26.5%
Endangered
69.3%
Polar Bear Not Endangered
23.4%
Endangered
72.7%

You're not logged in!

Compare scores with friends on all Sporcle quizzes.
OR
Log In

Sporcle TV

Today on Sporcle TV


Watch our educational content, quiz creation guides, and fun videos on Sporcle TV.

Show Comments

Extras

Top Quizzes Today


Score Distribution

Your Account Isn't Verified!

In order to create a playlist on Sporcle, you need to verify the email address you used during registration. Go to your Sporcle Settings to finish the process.

Report this User

Report this user for behavior that violates our Community Guidelines.

Details: